000 006520000a22001810004500
003 MACL
005 20160504113147.0
008 160504b xxu||||| |||| 00| 0 eng d
040 _aMACL
_cMACL
041 _aHindi
082 _a800 LAL
100 _aलाल, राजेंद्र बिहारी
_955075
245 _aवैज्ञानिक वृत्ति और सत्‍य की खोज
_cराजेंद्र बिहारी लाल
260 _bनेशनल बुक ट्रस्‍ट
_c1999
_aनई दिल्‍ली
350 _a20
650 _aPhilosophy
_955076
942 _cHIN
_k100
_2ddc
999 _c10201
_d10201